NFL Teams By Famous Quarterbacks - Statistics

General Stats
  • This quiz has been taken 108 times
  • The average score is 29 of 32
Answer Stats
QBs Team % Correct
Joe Namath, Aaron Rodgers, Mark Sanchez New York Jets
99%
Patrick Mahomes. Len Dawson, Alex Smith Kansas City Chiefs
98%
Baker Mayfield, Otto Graham, Deshaun Watson Cleveland Browns
94%
Drew Brees, Archie Manning, Jim Everett New Orleans Saints
94%
Jim Kelly, Josh Allen, Joe Ferguson Buffalo Bills
93%
John Elway, Peyton Manning, Tim Tebow Denver Broncos
93%
Aaron Rodgers, Brett Favre, Jordan Love Green Bay Packers
93%
Tom Brady, Drew Bledsoe, Jim Plunkett New England Patriots
93%
Joe Montana. Steve Young, Brock Purdy San Francisco 49ers
93%
Tom Brady, Baker Mayfield, Jameis Winston Tampa Bay Buccaneers
93%
Matt Ryan, Kirk Cousins, Michael Vick Atlanta Falcons
91%
Lamar Jackson, Joe Flacco, Tyler Huntley Baltimore Ravens
91%
Vinny Testaverde, Sam Darnold, Bryce Young Carolina Panthers
91%
Matthew Stafford, Jared Goff, Dan Orlovsky Detroit Lions
91%
Dan Marino, Bob Griese, Tua Tagovailoa Miami Dolphins
91%
Eli Manning, Daniel Jones, Phil Simms New York Giants
91%
Russell Wilson, Geno Smith, Matt Hasselbeck Seattle Seahawks
91%
Robert Griffin III, Alex Smith, Jayden Daniels Washington Commanders
91%
Joe Burrow, Carson Palmer, Andy Dalton Cincinnati Bengals
90%
Justin Herbert, Phillip Rivers, Dan Fouts Los Angeles Chargers
90%
Peyton Manning, Andrew Luck, Johnny Unitas Indianapolis Colts
89%
Trevor Lawrence, Blake Bortles, Mark Brunell Jacksonville Jaguars
89%
Terry Bradshaw, Ben Roethlisberger, Michael Vick Pittsburgh Steelers
89%
Roger Staubach, Troy Aikman, Tony Romo Dallas Cowboys
88%
Derek Carr, Rich Gannon, Ken Stabler Las Vegas Raiders
88%
Kurt Warner, Matthew Stafford, Jared Goff Los Angeles Rams
88%
Kirk Cousins, Fran Tarkenton, Warren Moon Minnesota Vikings
88%
Kyler Murray, Kurt Warner, Carson Palmer Arizona Cardinals
86%
Ryan Tannehill, Vince Young, Will Levis Tennessee Titans
86%
Mitch Trubisky, Sid Luckman, Jim McMahon Chicago Bears
85%
Michael Vick, Donovan McNabb, Carson Wentz Philadelphia Eagles
85%
Deshaun Watson, David Carr, Matt Schaub Houston Texans
81%
No matching quizzes found
Score Distribution
Percent of People with Each Score
Percentile by Number Answered
Your Score History
You have not taken this quiz